000 00701nam a22002657a 4500
001 BR9404741
003 BR-BrBNA
005 20230928094249.0
007 ta
008 230509b bl.||||| |||| 00| 0 por d
040 _aBR-BrBNA
_bpor
_cBiblioteca Nacional de Agricultura
041 _a(Por)
072 _aL60
_b4076
090 _ 4076 BR9404741
100 1 _aMoojen, J.
110 1 _aInstituto Nacional do Livro, Rio de Janeiro, GB (Brasil)
_96536
245 1 _aOs roedores do Brasil
260 3 _aRio de Janeiro, GB (Brasil):
_c1952.
300 _a214 p.
500 _a37 illus.
650 _aRato
650 _aTaxonomia Animal
909 _a202309
_bLucia
_c55
_dLucia Elande
942 _cBK
999 _c49732
_d49732